The voice within : (Record no. 98360)

MARC details
000 -LEADER
fixed length control field 00609nam a22001817a 4500
005 - DATE AND TIME OF LATEST TRANSACTION
control field 20160128130012.0
010 ## - LCCN (DPL NO)
LC control number ENG-114492
020 ## - INTERNATIONAL STANDARD BOOK NUMBER
International Standard Book Number 9789350356128
Terms of availability 395.00
035 ## - SYSTEM CONTROL NUMBER
System control number EN-98024
037 ## - SOURCE OF ACQUISITION
Source of stock number/acquisition DBAD/PUB
082 ## - DEWEY DECIMAL CLASSIFICATION NUMBER
Classification number 361.1
100 ## - MAIN ENTRY--PERSONAL NAME
Personal name Gambhir, Kailash
245 ## - TITLE STATEMENT
Title The voice within :
Statement of responsibility, etc by Kailash Gambhir ; foreworded by T.S. Thakur
Remainder of title social messages through judgements /
260 ## - PUBLICATION, DISTRIBUTION, ETC. (IMPRINT)
Place of publication, distribution, etc Gurgaon
Name of publisher, distributor, etc LexisNexis
Date of publication, distribution, etc 2015
270 ## - ADDRESS
Address 14th Floor, Building No.10, Tower-B, DLF Cyber City, Phase-II
City Gurgaon
Postal code 122002
300 ## - PHYSICAL DESCRIPTION
Extent xxvii,232p.
Dimensions 25cm(Hb)
942 ## - ADDED ENTRY ELEMENTS (KOHA)
Source of classification or shelving scheme Dewey Decimal Classification
Item type English Books
Call number suffix GAM
Classification part 361.1
Holdings
Withdrawn status Lost status Not for loan Collection code Home library Current library Date acquired Source of acquisition Cost, normal purchase price Full call number Barcode Copy number Cost, replacement price Koha item type
    Not For Loan Non-fiction D.B.Act.Division D.B.Act.Division 01/12/2015 DBAD/PUB 395.00 361.1 GAM EN-98024 1 395.00 English Books

© Delhi Public Library
Hit Counter
free hit counter